<?xml version="1.0" encoding="UTF-8"?>
<record
    xmlns:xsi="http://www.w3.org/2001/XMLSchema-instance"
    xsi:schemaLocation="http://www.loc.gov/MARC21/slim http://www.loc.gov/standards/marcxml/schema/MARC21slim.xsd"
    xmlns="http://www.loc.gov/MARC21/slim">

  <leader>02233nam a22002777a 4500</leader>
  <controlfield tag="001">1303</controlfield>
  <controlfield tag="005">20250527161431.0</controlfield>
  <datafield tag="020" ind1=" " ind2=" ">
    <subfield code="a">9789995054977</subfield>
  </datafield>
  <datafield tag="040" ind1=" " ind2=" ">
    <subfield code="a">FISKH</subfield>
    <subfield code="b">eng</subfield>
    <subfield code="c">FISKH</subfield>
    <subfield code="d">FISKH</subfield>
  </datafield>
  <datafield tag="082" ind1=" " ind2=" ">
    <subfield code="a">398.21</subfield>
  </datafield>
  <datafield tag="100" ind1=" " ind2=" ">
    <subfield code="a">Dary, Heng </subfield>
  </datafield>
  <datafield tag="245" ind1=" " ind2=" ">
    <subfield code="a">&#x1796;&#x17D2;&#x179A;&#x17C7;&#x17A2;&#x1784;&#x17D2;&#x1782;&#x1798;&#x17D2;&#x1785;&#x17B6;&#x179F;&#x17CB;&#x1798;&#x17B7;&#x1793;&#x1785;&#x17C1;&#x17C7;&#x179F;&#x17BE;&#x1785; / </subfield>
    <subfield code="c">&#x17A0;&#x17C1;&#x1784;&#x200B; &#x178A;&#x17B6;&#x179A;&#x17B8; - &#x1780;&#x17BB;&#x1784;&#x179F;&#x17D2;&#x178A;&#x1784;&#x17CB; &#x1793;&#x17BC;&#x179A;&#x17B8; </subfield>
  </datafield>
  <datafield tag="250" ind1=" " ind2=" ">
    <subfield code="a">&#x1794;&#x17C4;&#x17C7;&#x1796;&#x17BB;&#x1798;&#x17D2;&#x1796;&#x179B;&#x17BE;&#x1780;&#x1791;&#x17B8; &#x17E9; &#x1781;&#x17C2;&#x1798;&#x17B7;&#x1790;&#x17BB;&#x1793;&#x17B6; &#x1786;&#x17D2;&#x1793;&#x17B6;&#x17C6; &#x17E2;&#x17E0;&#x17E2;&#x17E2;</subfield>
  </datafield>
  <datafield tag="260" ind1=" " ind2=" ">
    <subfield code="a">Phnom Penh : </subfield>
    <subfield code="b">Sipar, </subfield>
    <subfield code="c">2022. </subfield>
  </datafield>
  <datafield tag="300" ind1=" " ind2=" ">
    <subfield code="a">43 pages : </subfield>
    <subfield code="b">color illustrations ; </subfield>
    <subfield code="c">19 cm</subfield>
  </datafield>
  <datafield tag="490" ind1=" " ind2=" ">
    <subfield code="a">&#x1781;&#x17D2;&#x1789;&#x17BB;&#x17C6;&#x17A2;&#x17B6;&#x1793;&#x1794;&#x17B6;&#x1793; </subfield>
  </datafield>
  <datafield tag="505" ind1=" " ind2=" ">
    <subfield code="a">Y 
</subfield>
  </datafield>
  <datafield tag="520" ind1=" " ind2=" ">
    <subfield code="a">&#x1793;&#x17C5;&#x1793;&#x1782;&#x179A;&#x1798;&#x17D2;&#x179B;&#x1794;&#x17CB;&#x1788;&#x17BE; &#x1798;&#x17B6;&#x1793;&#x1796;&#x17D2;&#x179A;&#x17C7;&#x17A2;&#x1784;&#x17D2;&#x1782;&#x1798;&#x17D2;&#x1785;&#x17B6;&#x179F;&#x17CB;&#x1798;&#x17BD;&#x1799;&#x17A2;&#x1784;&#x17D2;&#x1782;&#x1798;&#x17B7;&#x1793;&#x1785;&#x17C1;&#x17C7;&#x179F;&#x17BE;&#x1785;&#x179F;&#x17C4;&#x17C7;&#x178F;&#x17B6;&#x17C6;&#x1784;&#x1796;&#x17B8;&#x1780;&#x17C6;&#x178E;&#x17BE;&#x178F;&#x1798;&#x1780;&#x17D4; &#x1798;&#x17B6;&#x178F;&#x17B6;&#x1796;&#x17D2;&#x1799;&#x17B6;&#x1799;&#x17B6;&#x1798;&#x1782;&#x17D2;&#x179A;&#x1794;&#x17CB;&#x1799;&#x17C9;&#x17B6;&#x1784;&#x17B3;&#x17D2;&#x1799;&#x1791;&#x17D2;&#x179A;&#x1784;&#x17CB;&#x17A2;&#x17B6;&#x1785;&#x179F;&#x17BE;&#x1785;&#x1794;&#x17B6;&#x1793; &#x178F;&#x17C2;&#x1782;&#x17D2;&#x1798;&#x17B6;&#x1793;&#x179B;&#x1791;&#x17D2;&#x1792;&#x1795;&#x179B;&#x17A1;&#x17BE;&#x1799;&#x17D4; &#x1790;&#x17D2;&#x1784;&#x17C3;&#x1798;&#x17BD;&#x1799; &#x1798;&#x17B6;&#x178F;&#x17B6;&#x1791;&#x17D2;&#x179A;&#x1784;&#x17CB;&#x1799;&#x179B;&#x17CB;&#x179F;&#x1794;&#x17D2;&#x178A;&#x17B7;&#x1790;&#x17B6; &#x1798;&#x17B6;&#x1793;&#x178F;&#x17C2;&#x179C;&#x17B7;&#x1792;&#x17B8;&#x1798;&#x17BD;&#x1799;&#x1782;&#x178F;&#x17CB;&#x178A;&#x17C2;&#x179B;&#x17A2;&#x17B6;&#x1785;&#x1787;&#x17BD;&#x1799;&#x1794;&#x17BB;&#x178F;&#x17D2;&#x179A;&#x1794;&#x17B6;&#x1793; &#x1782;&#x17BA;&#x178F;&#x17D2;&#x179A;&#x17BC;&#x179C;&#x17B3;&#x17D2;&#x1799;&#x1791;&#x17D2;&#x179A;&#x1784;&#x17CB;&#x1791;&#x17C5;&#x1796;&#x17D2;&#x1799;&#x17B6;&#x1794;&#x17B6;&#x179B;&#x17A2;&#x179A;&#x1780;&#x17D2;&#x179F;&#x1795;&#x17D2;&#x178A;&#x17B6;&#x179F;&#x17B6;&#x1799;&#x1798;&#x17D2;&#x1793;&#x17B6;&#x1780;&#x17CB;&#x178F;&#x17C2;&#x1798;&#x17BD;&#x1799;&#x17A2;&#x1784;&#x17D2;&#x1782;&#x17AF;&#x1784;&#x17D4; &#x1794;&#x17C9;&#x17BB;&#x1793;&#x17D2;&#x178F;&#x17C2;&#x1796;&#x17C1;&#x179B;&#x1791;&#x1784;&#x17CB;&#x1791;&#x17C5;&#x1787;&#x17BD;&#x1794;&#x17A2;&#x17B6;&#x179A;&#x1780;&#x17D2;&#x179F; &#x1796;&#x17D2;&#x179A;&#x17C7;&#x17A2;&#x1784;&#x17D2;&#x1782;&#x1780;&#x17CF;&#x1787;&#x17BD;&#x1794;&#x179A;&#x17BF;&#x1784;&#x1785;&#x1798;&#x17D2;&#x179B;&#x17C2;&#x1780;&#x17D7; &#x1785;&#x17D2;&#x179A;&#x17BE;&#x1793;&#x17A1;&#x17BE;&#x1784;&#x17D4; </subfield>
  </datafield>
  <datafield tag="520" ind1=" " ind2=" ">
    <subfield code="a">In the kingdom shade of the tree, there is a prince who never laughs from birth. His mother tried everything to make him laugh, but it is impossible. One day, his mother dreamed that the only way she could help her son was to go and cure the flu&#x200B; of the mountain spirit alone. But when he went to meet the spirit, he encountered more and more strange things.</subfield>
  </datafield>
  <datafield tag="521" ind1=" " ind2=" ">
    <subfield code="a">890 
</subfield>
    <subfield code="b">Lexile estimate 
</subfield>
  </datafield>
  <datafield tag="521" ind1=" " ind2=" ">
    <subfield code="a">Y 
</subfield>
    <subfield code="b">Raz-Plus  

</subfield>
  </datafield>
  <datafield tag="650" ind1=" " ind2=" ">
    <subfield code="a">&#x1796;&#x17D2;&#x179A;&#x17C7;&#x17A2;&#x1784;&#x17D2;&#x1782;&#x1798;&#x17D2;&#x1785;&#x17B6;&#x179F;&#x17CB;</subfield>
    <subfield code="v">&#x17A2;&#x17B6;&#x179A;&#x1780;&#x17D2;&#x179F;&#x200B; </subfield>
    <subfield code="x">&#x1798;&#x17D2;&#x1793;&#x17B6;&#x1780;&#x17CB;&#x17AF;&#x1784; </subfield>
  </datafield>
  <datafield tag="650" ind1=" " ind2=" ">
    <subfield code="a">Prince </subfield>
    <subfield code="v">Spirit </subfield>
    <subfield code="x">Alone </subfield>
  </datafield>
  <datafield tag="700" ind1=" " ind2=" ">
    <subfield code="a">Kungsdong, Noury </subfield>
    <subfield code="c">illustrator </subfield>
  </datafield>
  <datafield tag="942" ind1=" " ind2=" ">
    <subfield code="2">ddc</subfield>
    <subfield code="c">BK</subfield>
    <subfield code="n">0</subfield>
  </datafield>
  <datafield tag="999" ind1=" " ind2=" ">
    <subfield code="c">1303</subfield>
    <subfield code="d">1303</subfield>
  </datafield>
  <datafield tag="952" ind1=" " ind2=" ">
    <subfield code="0">0</subfield>
    <subfield code="1">0</subfield>
    <subfield code="2">ddc</subfield>
    <subfield code="4">0</subfield>
    <subfield code="7">0</subfield>
    <subfield code="8">KH</subfield>
    <subfield code="a">001</subfield>
    <subfield code="b">001</subfield>
    <subfield code="c">KHRS</subfield>
    <subfield code="d">2023-08-14</subfield>
    <subfield code="l">0</subfield>
    <subfield code="o">DAR 398.21</subfield>
    <subfield code="p">2023-0245</subfield>
    <subfield code="r">2023-08-14 08:31:13</subfield>
    <subfield code="t">1</subfield>
    <subfield code="w">2023-08-14</subfield>
    <subfield code="y">KHB</subfield>
  </datafield>
  <datafield tag="952" ind1=" " ind2=" ">
    <subfield code="0">0</subfield>
    <subfield code="1">0</subfield>
    <subfield code="2">ddc</subfield>
    <subfield code="4">0</subfield>
    <subfield code="7">0</subfield>
    <subfield code="8">KH</subfield>
    <subfield code="a">001</subfield>
    <subfield code="b">001</subfield>
    <subfield code="c">KHRS</subfield>
    <subfield code="d">2023-08-14</subfield>
    <subfield code="l">0</subfield>
    <subfield code="o">DAR 398.21</subfield>
    <subfield code="p">2023-0246</subfield>
    <subfield code="r">2023-08-14 08:31:24</subfield>
    <subfield code="t">2</subfield>
    <subfield code="w">2023-08-14</subfield>
    <subfield code="y">KHB</subfield>
  </datafield>
  <datafield tag="952" ind1=" " ind2=" ">
    <subfield code="0">0</subfield>
    <subfield code="1">0</subfield>
    <subfield code="2">ddc</subfield>
    <subfield code="4">0</subfield>
    <subfield code="7">0</subfield>
    <subfield code="8">KH</subfield>
    <subfield code="a">001</subfield>
    <subfield code="b">001</subfield>
    <subfield code="c">KHRS</subfield>
    <subfield code="d">2023-08-14</subfield>
    <subfield code="l">0</subfield>
    <subfield code="o">DAR 398.21</subfield>
    <subfield code="p">FISTK03703</subfield>
    <subfield code="r">2023-10-10 09:36:16</subfield>
    <subfield code="t">3</subfield>
    <subfield code="w">2023-08-14</subfield>
    <subfield code="y">KHB</subfield>
  </datafield>
  <datafield tag="952" ind1=" " ind2=" ">
    <subfield code="0">0</subfield>
    <subfield code="1">0</subfield>
    <subfield code="2">ddc</subfield>
    <subfield code="4">0</subfield>
    <subfield code="7">0</subfield>
    <subfield code="8">KH</subfield>
    <subfield code="a">001</subfield>
    <subfield code="b">001</subfield>
    <subfield code="c">KHRS</subfield>
    <subfield code="d">2023-08-14</subfield>
    <subfield code="l">0</subfield>
    <subfield code="o">DAR 398.21</subfield>
    <subfield code="p">FISTK03704</subfield>
    <subfield code="r">2023-10-10 09:36:51</subfield>
    <subfield code="t">4</subfield>
    <subfield code="w">2023-08-14</subfield>
    <subfield code="y">KHB</subfield>
  </datafield>
  <datafield tag="952" ind1=" " ind2=" ">
    <subfield code="0">0</subfield>
    <subfield code="1">0</subfield>
    <subfield code="2">ddc</subfield>
    <subfield code="4">0</subfield>
    <subfield code="7">0</subfield>
    <subfield code="8">KH</subfield>
    <subfield code="a">001</subfield>
    <subfield code="b">001</subfield>
    <subfield code="c">KHRS</subfield>
    <subfield code="d">2023-08-14</subfield>
    <subfield code="l">0</subfield>
    <subfield code="o">DAR 398.21</subfield>
    <subfield code="p">FISTK05114</subfield>
    <subfield code="r">2023-10-10 09:37:10</subfield>
    <subfield code="t">5</subfield>
    <subfield code="w">2023-08-14</subfield>
    <subfield code="y">KHB</subfield>
  </datafield>
  <datafield tag="952" ind1=" " ind2=" ">
    <subfield code="0">0</subfield>
    <subfield code="1">0</subfield>
    <subfield code="2">ddc</subfield>
    <subfield code="4">0</subfield>
    <subfield code="7">0</subfield>
    <subfield code="8">KH</subfield>
    <subfield code="a">001</subfield>
    <subfield code="b">001</subfield>
    <subfield code="c">OKHR</subfield>
    <subfield code="d">2024-06-04</subfield>
    <subfield code="l">0</subfield>
    <subfield code="o">DAR 398.21 PZ7</subfield>
    <subfield code="p">FISTK03702</subfield>
    <subfield code="r">2024-06-04 14:22:05</subfield>
    <subfield code="t">6</subfield>
    <subfield code="w">2024-06-04</subfield>
    <subfield code="y">KHB</subfield>
  </datafield>
  <datafield tag="952" ind1=" " ind2=" ">
    <subfield code="0">0</subfield>
    <subfield code="1">0</subfield>
    <subfield code="2">ddc</subfield>
    <subfield code="4">0</subfield>
    <subfield code="7">0</subfield>
    <subfield code="8">KH</subfield>
    <subfield code="a">002</subfield>
    <subfield code="b">001</subfield>
    <subfield code="c">TTP Khmer</subfield>
    <subfield code="d">2024-06-04</subfield>
    <subfield code="l">2</subfield>
    <subfield code="o">DAR 398.21 PZ7</subfield>
    <subfield code="p">FIS02230</subfield>
    <subfield code="q">2026-05-08</subfield>
    <subfield code="r">2026-04-24 16:21:32</subfield>
    <subfield code="s">2026-04-24</subfield>
    <subfield code="t">7</subfield>
    <subfield code="w">2024-06-04</subfield>
    <subfield code="y">KHB</subfield>
  </datafield>
  <datafield tag="952" ind1=" " ind2=" ">
    <subfield code="0">0</subfield>
    <subfield code="1">0</subfield>
    <subfield code="2">ddc</subfield>
    <subfield code="4">0</subfield>
    <subfield code="7">0</subfield>
    <subfield code="8">KH</subfield>
    <subfield code="a">002</subfield>
    <subfield code="b">002</subfield>
    <subfield code="c">SKB</subfield>
    <subfield code="d">2024-06-04</subfield>
    <subfield code="l">0</subfield>
    <subfield code="o">DAR 398.21 PZ7</subfield>
    <subfield code="p">FISSE01553</subfield>
    <subfield code="r">2025-03-27 10:33:20</subfield>
    <subfield code="t">8</subfield>
    <subfield code="w">2024-06-04</subfield>
    <subfield code="y">KHB</subfield>
  </datafield>
  <datafield tag="952" ind1=" " ind2=" ">
    <subfield code="0">0</subfield>
    <subfield code="1">0</subfield>
    <subfield code="2">ddc</subfield>
    <subfield code="4">0</subfield>
    <subfield code="7">0</subfield>
    <subfield code="8">KH</subfield>
    <subfield code="a">002</subfield>
    <subfield code="b">002</subfield>
    <subfield code="c">TTP Khmer</subfield>
    <subfield code="d">2025-04-02</subfield>
    <subfield code="l">1</subfield>
    <subfield code="m">1</subfield>
    <subfield code="o">DAR 398.21 PZ7</subfield>
    <subfield code="p">FIS02602</subfield>
    <subfield code="r">2025-12-01 09:48:13</subfield>
    <subfield code="s">2025-11-10</subfield>
    <subfield code="t">9</subfield>
    <subfield code="w">2025-04-02</subfield>
    <subfield code="y">KHB</subfield>
  </datafield>
  <datafield tag="952" ind1=" " ind2=" ">
    <subfield code="0">0</subfield>
    <subfield code="1">0</subfield>
    <subfield code="2">ddc</subfield>
    <subfield code="4">0</subfield>
    <subfield code="7">0</subfield>
    <subfield code="8">KH</subfield>
    <subfield code="a">002</subfield>
    <subfield code="b">002</subfield>
    <subfield code="c">SKB</subfield>
    <subfield code="d">2025-04-02</subfield>
    <subfield code="l">0</subfield>
    <subfield code="o">DAR 398.21 PZ7</subfield>
    <subfield code="p">FIS05132</subfield>
    <subfield code="r">2025-04-02 08:56:48</subfield>
    <subfield code="t">10</subfield>
    <subfield code="w">2025-04-02</subfield>
    <subfield code="y">KHB</subfield>
  </datafield>
  <datafield tag="952" ind1=" " ind2=" ">
    <subfield code="0">0</subfield>
    <subfield code="1">0</subfield>
    <subfield code="2">ddc</subfield>
    <subfield code="4">0</subfield>
    <subfield code="7">0</subfield>
    <subfield code="8">KH</subfield>
    <subfield code="a">002</subfield>
    <subfield code="b">002</subfield>
    <subfield code="c">SKB</subfield>
    <subfield code="d">2025-11-27</subfield>
    <subfield code="l">1</subfield>
    <subfield code="o">DAR 398.21 PZ7</subfield>
    <subfield code="p">2025-4968</subfield>
    <subfield code="r">2026-03-24 15:04:52</subfield>
    <subfield code="s">2026-03-17</subfield>
    <subfield code="t">11</subfield>
    <subfield code="w">2025-11-27</subfield>
    <subfield code="y">KHB</subfield>
  </datafield>
</record>
